01929naa a2200229 a 450000100080000000500110000800800410001910000220006024500870008226000090016952012810017865300170145965300110147665300150148770000200150270000170152270000200153970000170155970000260157670000250160277300720162710877722012-12-06 2012 bl uuuu u00u1 u #d1 aSANTOS, J. T. dos aAngiotensina-(1-7) durante o processo inicial na cascata da ovula????o em bovinos. c2012 aO presente estudo teve como objetivo avaliar o efeito da Ang-(1-7) e de seu receptor (MAS) na regula????o da ovula????o. No experimento I, utilizando um modelo in vitro de cultivo de c??lulas foliculares, foi avaliado o efeito do tratamento com Ang-(1-7) ou do bloqueio do receptor MAS atrav??s do inibidor d-Ala7-Ang-(1-7) (A-779) na express??o de RNAm para epirregulina (Ereg; um marcador inicial do processo de ovula????o) em c??lulas da granulosa. No experimento II, foi utilizado um modelo in vivo de inje????o intrafolicular no qual vinte vacas tiveram o ciclo estral sincronizado e, quando os fol??culos atingiram um di??metro m??nimo de 12mm, foi realizada a inje????o intrafolicular de A-779 ou solu????o salina 0,9%. No momento da inje????o intrafolicular, foi realizada uma aplica????o IM de an??logo de GnRH. A suplementa????o com Ang-(1-7) ou o bloqueio de seu receptor MAS em sistema de cultivo de c??lulas da granulosa n??o alteraram o padr??o de express??o de RNAm para Ereg. A aplica????o intrafolicular de A-779 (10-5M) n??o bloqueou a ovula????o quando realizada antes do in??cio do pico esperado de LH (100% das vacas ovularam nos grupos A-779 e controle), sugerindo que a Ang-(1-7) n??o possui papel relevante no in??cio da cascata ovulat??ria em bovinos. aAngiotensina aBovino aOvula????o1 aGASPERIN, B. G.1 aRISSI, V. B.1 aCESARO, M. P.de1 aCEZAR, A. S.1 aOLIVEIRA, J. F. C. de1 aGON??ALVES, P. B. D. tCi??ncia Rural, Santa Mariagv. 42, n. 10, p. 1876-1881, out. 2012.